000 00681cam a2200253 4500
001 J728
008 090401t1992 xxu||||| |||| 00| 0 eng d
035 _a(Sirsi) u76466
041 _aeng
050 _a306.6
100 _aOseland, N.A.
245 _aImproving space in homes.
260 _aGarston, Watford
_bBuilding Research Establishment
_c1992
300 _a(4)p. : ill. ; 30cm.
350 _a0
490 _aBRE Information Paper
_v9/92
650 _aHOUSING STANDARDS
650 _aHOUSING
650 _aSPACE REQUIREMENTS
690 _aBUILT ENVIRONMENT-CONSTRUCTION DESIGN
710 _aBuilding Research Establishment
942 _n0
948 _c04/03/1997
999 _c96184
_d96184